Une lettre suffit pour répondre juste #79 (attention 10 lettres tuent) - Statistiques

Statistiques générales
  • Ce quiz a été pris 81 fois
  • Le résultat moyen est 3 sur 6
Statistiques - réponses
Hint Réponse % Correct
Donne une des 5 lettres du titre de cette émission TV en extrait diffusé sur la 2 de 1990 à 2019 :
MOTUS
100%
Donne une des 4 lettres qui complète le nom de la série de films américains d'où vient cet extrait : John _ _ _ _
WICK
86%
Donne une des 3 lettres qui forme le nom d'une des sous-préfectures de l'Ain (qui fait 3 lettres) : _ _ _ GEX
33%
Donne une des 2 lettres qui désigne l'abrégé de la pratique sexuelle où deux personnes pénètrent l'anus, le vagin ou bien les deux simultanément d'une troisième personne à l'aide de leur phallus (je vous épargne le gif) DP
26%
Donne la première lettre du prénom ou nom de cette actrice
B (Bérénice Bejo)
11%
Give me the tenth letter of the English alphabet J
7%
Aucun quiz correspondant
Distribution des résultats
% des personnes avec chaque résultat
Percentile par nombre de réponses
Votre historique - résultats
Vous n’avez pas pris ce quiz